| 000 | 01191cac a2200325 i 4500 | ||
|---|---|---|---|
| 003 | EG-ScBUE | ||
| 005 | 20230314120918.0 | ||
| 008 | 230314t1985 njua f b 001 0 eng d | ||
| 020 | _a0691066280 (alk. paper) : | ||
| 040 |
_aEG-ScBUE _beng _erda _cEG-ScBUE _dEG-ScBUE |
||
| 082 | 0 | 4 |
_a792.30944 _bSTO _222 |
| 100 | 1 |
_aStorey, Robert F., _d1945- _eauthor. |
|
| 245 | 1 | 0 |
_aPierrots on the stage of desire : _bnineteenth-century French literary artists and the comic pantomime / _cRobert Storey. |
| 264 | 1 |
_aPrinceton, N.J. : _bPrinceton University Press, _c[1985] |
|
| 264 | 4 | _cc1985 | |
| 300 |
_axxiv, 351 pages : _billustrations ; _c25 cm |
||
| 336 |
_2rdacontent _atext _btxt |
||
| 337 |
_2rdamedia _aunmediated _bn |
||
| 338 |
_2rdacarrier _avolume _bnc |
||
| 504 | _aIncludes bibliographical references and index. | ||
| 650 | 7 |
_aPantomime _zFrance. _2BUEsh |
|
| 650 | 7 |
_aFrench literature _y19th century _xHistory and criticism. _2BUEsh |
|
| 650 | 7 |
_aPsychoanalysis and literature. _2BUEsh |
|
| 650 | 7 |
_aDesire in literature. _2BUEsh |
|
| 650 | 7 |
_aComedy. _2BUEsh |
|
| 653 | _bART | ||
| 655 | _vReading book | ||
| 942 |
_cBB _2ddc |
||
| 999 |
_c1834 _d1834 |
||